00740nam a2200217Ia 4500003000900000008004100009020001800050040001600068080002500084245010000109260003400209300001300243650002500256650002800281650001900309700002900328700003500357942000700392999001500399952010800414IN-BaIIA211028s9999 xx 000 0 eng d a0-12-003820-X cIIA Library a047.1:539.18bADV-20 0aAdvances in atomic and molecular physicsbvol. 20cedited by David Bates and Benjamin Bederson  aOrlandobAcademic Pressc1985 ax, 477p. aAtomic physics91547 aMolecular physics91914 aNASA Thesaurus aBates, David, ed.914517 aBederson, Benjamin, ed.913158 cBK c8647d8647 00104070aBANbBANcGENd1986-03-21l0o047.1:539.18/ ADV-20p9520r2021-11-05w1986-03-21yBK 99.50